000 01748nam a22004457a 4500
001 000102888
003 CHAP
005 20220329143619.0
008 101001s2009 mx r 00010 spa d
010 _a99351
011 _a100323
035 _a111009
040 _cCHAP
090 _aTesis
100 1 _aLarios Tlali, Hugo
_964930
245 1 0 _aPropuesta de plan de manejo para una uma intensiva de venado cola blanca (Odocoileus virginianus, subespecie mexicanus) en el municipio de Juan Ixtenco, Tlaxcala /
_c/por Hugo Larios Tlali.
260 _aChapingo, Méx. :
_bEl autor,
_c2009.
300 _a129 h. :
_bilus., gráfs., tablas.
502 _aTesis (Ing. en Recursos Naturales Renovables) -- UACH. Departamento de Suelos
530 _atambièn disponible en lìnea
590 _aALEPH
_b10
_c20130110
_lUCH01
_h1536
590 _aBATCH-UPD
_b10
_c20130110
_lUCH01
_h1117
590 _aBATCH-UPD
_b10
_c20130410
_lUCH01
_h0707
590 _aBATCH-UPD
_b10
_c20130914
_lUCH01
_h1057
590 _aBATCH-UPD
_b10
_c20140324
_lUCH01
_h1519
590 _aBATCH-UPD
_b10
_c20141002
_lUCH01
_h0845
590 _aCONVERSION
_b10
_c20130109
_lUCH01
_h1355
590 _aE11695DGD
_b10
_c20141006
_lUCH01
_h1057
650 1 4 _aCriaderos.
_928925
650 1 4 _aOdocoileus virginianus.
_982732
650 1 4 _aRecursos naturales
_xAdministración
_zTlaxcala.
_995186
650 1 4 _aVenados.
_9118663
650 1 4 _aVida silvestre
_xConservación
_zTlaxcala.
_9119179
856 _3Finding aid
_uhttp://10.13.5.2/tesis/111009.pdf
_zTeclea aquí
901 _aBK
942 _cFOLL
942 _n0
949 _aTesis
_bBC
_cTES
_d33724002098033
_eTS2
_fc.2
_gDonaciØn
_h51101
_i111009
_sb
949 _aTesis
_bBC
_cTES
_d33724002098190
_eTS1
_gDonaciØn
_h51100
_i111009
_sb
999 _c99351
_d99351